La encíclica quadragesimo anno: acerca de la restauración del orden social

Salvato in:
Dettagli Bibliografici
Natura: Libro
Lingua:spagnolo
Pubblicazione: Madrid Bibliográfica Española 1948
Edizione:2a. ed
Serie:Biblioteca Fomento Social
Soggetti:
Tags: Aggiungi Tag
Nessun Tag, puoi essere il primo ad aggiungerne!!

MARC

LEADER 00000nam a2200000 a 4500
001 UCL3640
003 CL-VaPUC
008 031205e19480000SP |||||||||||||||||spa|d
082 0 4 |a 262.91  |b ENC  |2 21 
245 1 3 |a La encíclica quadragesimo anno: acerca de la restauración del orden social 
250 |a 2a. ed 
300 |a 298 p 
942 |c BK 
945 |d 20031205 00:00:00  |a vberengu 
260 |a Madrid  |b Bibliográfica Española  |c 1948 
650 0 |a Encíclicas  |9 255643 
650 0 |a Documentos pontificios   |9 255642 
583 |a last modification  |c 20031205 00:00:00  |k Rodrigo Vera 
490 0 |a Biblioteca Fomento Social 
999 |c 306657  |d 306655 
952 |0 0  |1 0  |4 0  |6 262_910000000000000_ENC_1948  |7 0  |8 P  |9 371833  |a BIBTEO  |b BIBTES  |c TEO_FTES  |d 2019-11-21  |i 2096706  |o 262.91 ENC 1948  |p 2096706  |r 2024-01-18  |w 2019-11-21  |y BK  |k ICR